| 000 | 00645cam a2200205 4500 | ||
|---|---|---|---|
| 001 | D4506 | ||
| 008 | 090401t1977 xxu||||| |||| 00| 0 eng d | ||
| 035 | _a(Sirsi) u3868 | ||
| 041 | _aeng | ||
| 050 | _a692.80212 | ||
| 110 |
_aUnited Kingdom _bProperty Services Agency _91138 |
||
| 245 | _aPrice adjustment formulae for building contracts: guide to application and procedure | ||
| 260 |
_aLondon _bHMSO _c1977 |
||
| 300 | _avi. 60p. 30cm | ||
| 350 | _a0 | ||
| 490 |
_aSeries _v2 |
||
| 520 | _aProduced on behalf of the National Consultative Council Standing Committee on Indices for Building Contracts | ||
| 942 | _n0 | ||
| 948 | _c04/03/1997 | ||
| 999 |
_c85953 _d85953 |
||